000 00535nam a2200181 4500
001 112887
003 ES-MaACL
005 20230906185704.0
007 t|
008 061121s1972 sp r ||||1| spa d
100 1 _aMurray, Peter.
_984647
245 1 0 _aArquitectura del Renacimiento /
_cPeter Murray ; traducción Juan Novelle Domingo.
250 _a[1ª ed.].
260 _aMadrid :
_bAguilar,
_c1972.
300 _a401 p. 75 lám. ;
_c29 cm.
700 0 _aNovella Domingo, Juan.
_986074
852 _aES-MaACL
_jC-47221
_bR.84579
999 _c112887
_d112887